000 00880nac a22002891i 4500
003 EG-ScBUE
005 20241007121430.0
008 241007t2004 onca f 001 0 eng d
020 _a0131411950
020 _a9780131411951
040 _aEG-ScBUE
_beng
_erda
_cEG-ScBUE
_dEG-ScBUE
082 0 4 _a515
_bTRI
_222
100 1 _aTrim, Donald W.,
_eauthor.
245 1 0 _aCalculus for engineers /
_cDonald Trim.
250 _aThird edition.
264 1 _aToronto, Ontario :
_bPearson Prentice Hall,
_c[2004]
264 4 _cc2004
300 _a1 volume (various pagings) :
_billustrations ;
_c29 cm
336 _2rdacontent
_atext
_btxt
337 _aunmediated
_2rdamedia
_bn
338 _avolume
_bnc
_2rdacarrier
500 _aIncludes index.
650 7 _aCalculus.
_2BUEsh
650 7 _aEngineering mathematics.
_2BUEsh
655 _vReading book
942 _cBB
_2ddc
999 _c1241
_d1241